| 000 | 00583nam a2200217Ia 4500 | ||
|---|---|---|---|
| 003 | OSt | ||
| 005 | 20220928143843.0 | ||
| 006 | a|||||r|||| 00| 0 | ||
| 007 | ta | ||
| 008 | 220927b |||||||| |||| 00| 0 eng d | ||
| 024 | _a23224 | ||
| 037 | _cTextual | ||
| 040 |
_aSDCL _cSDCL _beng |
||
| 041 |
_2eng _aeng |
||
| 082 | _aW81.1'M, M0 | ||
| 100 |
_aBillington James H _9506140 |
||
| 245 | 0 |
_aFire in the minds of Men _b Origins of the revolutionary faith |
|
| 260 | _c1980 | ||
| 942 |
_hW81.1'M, M0 _cTEXL _2CC |
||
| 999 |
_c825170 _d825170 |
||